La Constitución colombiana y el derecho internacional humanitario / (Registro nro. 7256)
[ vista simple ]
| 000 -LEADER | |
|---|---|
| fixed length control field | 01164cam a2200313 a 4500 |
| 001 - CONTROL NUMBER | |
| control field | 12098850 |
| 003 - CONTROL NUMBER IDENTIFIER | |
| control field | OSt |
| 005 - DATE AND TIME OF LATEST TRANSACTION | |
| control field | 20210219135604.0 |
| 008 - FIXED-LENGTH DATA ELEMENTS--GENERAL INFORMATION | |
| fixed length control field | 000610s2000 ck b 000 0 spa |
| 010 ## - LIBRARY OF CONGRESS CONTROL NUMBER | |
| LC control number | 00319900 |
| 020 ## - INTERNATIONAL STANDARD BOOK NUMBER | |
| International Standard Book Number | 958616439X |
| 035 ## - SYSTEM CONTROL NUMBER | |
| System control number | (BoCbEI)ei 000200853 |
| 040 ## - CATALOGING SOURCE | |
| Original cataloging agency | DLC |
| Transcribing agency | CO-JMCR |
| 041 0# - LANGUAGE CODE | |
| Language code of text/sound track or separate title | spa |
| 043 ## - GEOGRAPHIC AREA CODE | |
| Geographic area code | s-ck--- |
| 082 04 - DEWEY DECIMAL CLASSIFICATION NUMBER | |
| Classification number | 341.3 / |
| Item number | R172c |
| Edition number | 23 |
| 100 1# - MAIN ENTRY--PERSONAL NAME | |
| Personal name | Ramelli Arteaga, Alejandro. |
| Relator term | autor |
| 9 (RLIN) | 13702 |
| 245 13 - TITLE STATEMENT | |
| Title | La Constitución colombiana y el derecho internacional humanitario / |
| Statement of responsibility, etc. | Alejandro Ramelli Arteaga. |
| 250 ## - EDITION STATEMENT | |
| Edition statement | Primera edición |
| 260 ## - PUBLICATION, DISTRIBUTION, ETC. | |
| Place of publication, distribution, etc. | Bogotá : |
| Name of publisher, distributor, etc. | Universidad Externado de Colombia, |
| Date of publication, distribution, etc. | 2000. |
| 300 ## - PHYSICAL DESCRIPTION | |
| Extent | 703 páginas |
| Dimensions | 25 cm. |
| 500 ## - GENERAL NOTE | |
| General note | Datos biográficos del autor en tapa posterior. |
| 504 ## - BIBLIOGRAPHY, ETC. NOTE | |
| Bibliography, etc. note | Bibliografía : páginas 651-703 |
| 505 ## - FORMATTED CONTENTS NOTE | |
| Formatted contents note | Manifestaciones de una complementariedad parcial en el orden internacional -- El reflejo de complementariedad parcial entre DIH y la CADH en el orden interno colombiano |
| 650 24 - SUBJECT ADDED ENTRY--TOPICAL TERM | |
| Topical term or geographic name entry element | Ley constitucional |
| Geographic subdivision | Colombia. |
| 9 (RLIN) | 12419 |
| 650 24 - SUBJECT ADDED ENTRY--TOPICAL TERM | |
| Topical term or geographic name entry element | Insurrección |
| Geographic subdivision | Colombia. |
| 9 (RLIN) | 13703 |
| 650 24 - SUBJECT ADDED ENTRY--TOPICAL TERM | |
| Topical term or geographic name entry element | Derecho humanitario |
| Geographic subdivision | Colombia. |
| 9 (RLIN) | 13704 |
| 942 ## - ADDED ENTRY ELEMENTS (KOHA) | |
| Source of classification or shelving scheme | Dewey Decimal Classification |
| Koha item type | Books |
| Withdrawn status | Lost status | Source of classification or shelving scheme | Damaged status | Not for loan | Home library | Current library | Shelving location | Date acquired | Source of acquisition | Total Checkouts | Full call number | Barcode | Date last seen | Copy number | Price effective from | Koha item type |
|---|---|---|---|---|---|---|---|---|---|---|---|---|---|---|---|---|
| Dewey Decimal Classification | Biblioteca Pública José María del Castillo y Rada | Biblioteca Pública José María del Castillo y Rada | General Stacks | 10/02/2020 | Donación | 341.3 / R172c | 201810303 | 05/16/2024 | Ej.1 | 10/02/2020 | Books |